000 01391cam a22003737a 4500
003 CHAP
005 20220329142700.0
008 021009d2002 mx ad r 00110 spa d
010 _a86460
011 _a87432
035 _a97975
040 _cCHAP
090 _aTesis
100 0 0 _aSedano Castro, Gaudencio.
_9103562
245 1 0 _aCinética de crecimiento y relaciones fuente-demanda en calabacita (Cucurbita pepo L.)
_c/por Gaudenci Sedano Castro
260 _aMontecillo, Méx. :
_bEl autor,
_c2002
300 _a77 h. :
_bilus. ; gráfs. ; cuadros
502 _aTesis (M.C. Esp. en Fisiología Vegetal) -- CP. Instituto de Recursos Genéticos y Productividad. Programa en Fisiología Vegetal
590 _aALEPH
_b10
_c20130110
_lUCH01
_h1450
590 _aBATCH-UPD
_b10
_c20130110
_lUCH01
_h0246
590 _aBATCH-UPD
_b10
_c20130110
_lUCH01
_h1540
590 _aBATCH-UPD
_b10
_c20130409
_lUCH01
_h2316
590 _aBATCH-UPD
_b10
_c20130914
_lUCH01
_h0638
590 _aCONVERSION
_b10
_c20130109
_lUCH01
_h1348
650 0 4 _aCalabaza
_xCrecimiento.
_917266
650 1 4 _aÁrea foliar.
_982450
650 1 4 _aBiomasa.
_912825
650 1 4 _aCalabaza.
_917261
901 _aBK
905 _aMarco A. Mendoza T.
942 _cFOLL
949 _aTesis
_bBC
_cTES
_d33724000880027
_eTS2
_fc.2
_gDonaciØn
_h40130
_i97975
_si
949 _aTesis
_bBC
_cTES
_d979751
_eTS1
_gDonaciØn
_h40129
_i97975
_sb
999 _c86460
_d86460